[Event "World Chess Olympiad 2018"]
[Site "Batumi"]
[Date "2018.09.28"]
[Round "5"]
[Board "1"]
[WhiteFideId "9916148"]
[White "Piyumantha M Sasith Nipun"]
[BlackFideId "12100293"]
[Black "Nezad Husein Aziz"]
[Result "1/2-1/2"]
[LiveChessVersion "1.4.8"]
[BlackElo "2412"]
[WhiteElo "2139"]

1. d4 {[%clk 1:30:49]} Nf6 {[%clk 1:30:40]} 2. c4 {[%clk 1:31:05]} g6
{[%clk 1:30:59]} 3. Nc3 {[%clk 1:31:22]} Bg7 {[%clk 1:31:21]} 4. e4
{[%clk 1:31:33]} d6 {[%clk 1:31:40]} 5. Nf3 {[%clk 1:31:51]} O-O {[%clk 1:31:31]}
6. h3 {[%clk 1:32:16]} e5 {[%clk 1:30:35]} 7. d5 {[%clk 1:30:34]} a5
{[%clk 1:30:05]} 8. g4 {[%clk 1:30:50]} Na6 {[%clk 1:29:29]} 9. Be3
{[%clk 1:31:09]} c6 {[%clk 1:27:17]} 10. Nd2 {[%clk 1:28:37]} Nc5
{[%clk 1:24:43]} 11. Be2 {[%clk 1:28:08]} a4 {[%clk 1:22:40]} 12. a3
{[%clk 1:22:31]} Bd7 {[%clk 1:16:42]} 13. Qc2 {[%clk 1:21:30]} Qa5
{[%clk 1:12:35]} 14. g5 {[%clk 1:13:30]} Nh5 {[%clk 1:04:12]} 15. Bxh5
{[%clk 1:12:36]} gxh5 {[%clk 1:04:32]} 16. O-O-O {[%clk 1:07:34]} Rfc8
{[%clk 1:01:36]} 17. Kb1 {[%clk 1:02:43]} Kh8 {[%clk 0:57:47]} 18. Bxc5
{[%clk 0:50:20]} Qxc5 {[%clk 0:56:38]} 19. Nxa4 {[%clk 0:46:36]} Qa5
{[%clk 0:48:10]} 20. Nc3 {[%clk 0:43:55]} b5 {[%clk 0:46:27]} 21. Nb3
{[%clk 0:39:40]} Qb6 {[%clk 0:44:25]} 22. cxb5 {[%clk 0:18:00]} cxb5
{[%clk 0:42:47]} 23. Nc1 {[%clk 0:17:42]} b4 {[%clk 0:40:49]} 24. axb4
{[%clk 0:14:13]} Qxb4 {[%clk 0:41:16]} 25. N1a2 {[%clk 0:12:58]} Qc4
{[%clk 0:40:51]} 26. b3 {[%clk 0:10:30]} Rab8 {[%clk 0:32:09]} 27. Kb2
{[%clk 0:10:53]} Ba4 {[%clk 0:24:47]} 28. Nc1 {[%clk 0:11:17]} Rb4
{[%clk 0:23:13]} 29. Rd3 {[%clk 0:10:11]} f5 {[%clk 0:18:19]} 30. f3
{[%clk 0:05:35]} Bxb3 {[%clk 0:15:10]} 31. Nxb3 {[%clk 0:06:04]} Rxb3+
{[%clk 0:15:23]} 32. Qxb3 {[%clk 0:06:32]} Qxd3 {[%clk 0:15:43]} 33. Rh2
{[%clk 0:02:23]} Qxf3 {[%clk 0:15:27]} 34. Re2 {[%clk 0:01:23]} Kg8
{[%clk 0:13:27]} 35. Rc2 {[%clk 0:01:09]} fxe4 {[%clk 0:12:55]} 36. Nxe4
{[%clk 0:01:03]} Rxc2+ {[%clk 0:10:35]} 37. Qxc2 {[%clk 0:01:16]} Qxh3
{[%clk 0:10:15]} 38. Qa4 {[%clk 0:01:17]} Qc8 {[%clk 0:04:02]} 39. Qc6
{[%clk 0:01:08]} Qd8 {[%clk 0:00:53]} 40. Kc2 {[%clk 0:30:59]} h4
{[%clk 0:31:00]} 41. Qc3 {[%clk 0:27:23]} Qd7 {[%clk 0:26:46]} 42. Qc6
{[%clk 0:25:55]} Qd8 {[%clk 0:23:05]} 43. Qc3 {[%clk 0:26:19]} h6
{[%clk 0:21:43]} 44. gxh6 {[%clk 0:20:16]} Bxh6 {[%clk 0:22:12]} 45. Qh3
{[%clk 0:20:27]} Qc7+ {[%clk 0:20:37]} 46. Kd3 {[%clk 0:18:44]} Qf7
{[%clk 0:20:56]} 47. Qg4+ {[%clk 0:16:14]} Kh7 {[%clk 0:20:42]} 48. Ke2
{[%clk 0:16:10]} Qf4 {[%clk 0:14:01]} 49. Qxf4 {[%clk 0:15:52]} Bxf4
{[%clk 0:14:07]} 50. Nxd6 {[%clk 0:15:28]} Kg6 {[%clk 0:14:31]} 51. Kf3
{[%clk 0:13:45]} h3 {[%clk 0:14:02]} 52. Ne4 {[%clk 0:12:22]} Kf5
{[%clk 0:11:35]} 53. Nd6+ {[%clk 0:12:31]} Kf6 {[%clk 0:11:59]} 54. Ne4+
{[%clk 0:12:56]} Ke7 {[%clk 0:10:57]} 55. Nf2 {[%clk 0:12:15]} h2
{[%clk 0:11:01]} 56. Kg2 {[%clk 0:12:43]} Kd6 {[%clk 0:09:34]} 57. Nd3
{[%clk 0:13:03]} Kxd5 {[%clk 0:09:40]} 58. Nxe5 {[%clk 0:13:31]} Bxe5
{[%clk 0:10:02]} 59. Kh1 {[%clk 0:13:55]} Ke4 {[%clk 0:09:58]} 60. Kg2
{[%clk 0:14:24]} 1/2-1/2

[Event "World Chess Olympiad 2018"]
[Site "Batumi"]
[Date "2018.09.28"]
[Round "5"]
[Board "2"]
[WhiteFideId "12100072"]
[White "Al Mutawa Yousuf M M"]
[BlackFideId "9912053"]
[Black "Thilakarathne G M H"]
[Result "0-1"]
[LiveChessVersion "1.4.8"]
[BlackElo "2238"]
[WhiteElo "2140"]

1. d4 {[%clk 1:30:58]} Nf6 {[%clk 1:30:38]} 2. Bf4 {[%clk 1:31:15]} e6
{[%clk 1:26:50]} 3. Nf3 {[%clk 1:31:32]} c5 {[%clk 1:26:51]} 4. e3
{[%clk 1:31:10]} Nc6 {[%clk 1:23:23]} 5. c3 {[%clk 1:31:11]} d5 {[%clk 1:23:04]}
6. Nbd2 {[%clk 1:31:20]} cxd4 {[%clk 1:12:19]} 7. exd4 {[%clk 1:31:19]} Nh5
{[%clk 1:11:07]} 8. Bg5 {[%clk 1:29:06]} f6 {[%clk 1:01:23]} 9. Ne5
{[%clk 1:10:37]} Nxe5 {[%clk 0:49:09]} 10. dxe5 {[%clk 1:10:59]} fxg5
{[%clk 0:48:05]} 11. Qxh5+ {[%clk 1:11:13]} g6 {[%clk 0:47:29]} 12. Bb5+
{[%clk 1:10:20]} Kf7 {[%clk 0:40:37]} 13. Qf3+ {[%clk 1:04:27]} Kg7
{[%clk 0:40:09]} 14. O-O-O {[%clk 1:01:09]} Be7 {[%clk 0:38:32]} 15. Qe2
{[%clk 0:51:46]} a6 {[%clk 0:28:44]} 16. Bd3 {[%clk 0:51:26]} b5 {[%clk 0:28:30]}
17. Nf3 {[%clk 0:45:13]} Bd7 {[%clk 0:25:02]} 18. Nd4 {[%clk 0:43:58]} Qb6
{[%clk 0:18:23]} 19. h4 {[%clk 0:36:40]} b4 {[%clk 0:16:48]} 20. Qe3
{[%clk 0:32:19]} Qc5 {[%clk 0:15:17]} 21. Kb1 {[%clk 0:25:55]} bxc3
{[%clk 0:15:06]} 22. hxg5 {[%clk 0:20:29]} Rab8 {[%clk 0:13:42]} 23. b3
{[%clk 0:15:34]} Qa3 {[%clk 0:10:55]} 24. Qc1 {[%clk 0:13:51]} Qxc1+
{[%clk 0:06:03]} 25. Rxc1 {[%clk 0:13:49]} Bc5 {[%clk 0:06:07]} 26. Nf3
{[%clk 0:11:52]} Bxf2 {[%clk 0:04:18]} 27. Rxc3 {[%clk 0:10:01]} a5
{[%clk 0:04:31]} 28. Rf1 {[%clk 0:04:31]} Bb6 {[%clk 0:04:08]} 29. Nh2
{[%clk 0:04:18]} a4 {[%clk 0:02:31]} 30. Ng4 {[%clk 0:04:30]} axb3
{[%clk 0:02:44]} 31. axb3 {[%clk 0:02:40]} Ba5 {[%clk 0:01:51]} 32. Nh6
{[%clk 0:02:25]} Rhf8 {[%clk 0:02:05]} 33. Rc5 {[%clk 0:01:43]} Rxf1+
{[%clk 0:02:25]} 34. Bxf1 {[%clk 0:02:10]} Rxb3+ {[%clk 0:01:44]} 35. Ka2
{[%clk 0:02:24]} Bb6 {[%clk 0:02:09]} 36. Rxd5 {[%clk 0:01:32]} exd5
{[%clk 0:02:33]} 37. Kxb3 {[%clk 0:02:00]} Be3 {[%clk 0:02:38]} 38. Be2
{[%clk 0:02:10]} Bxg5 {[%clk 0:03:03]} 39. Ng4 {[%clk 0:02:38]} h5
{[%clk 0:01:59]} 40. Nf2 {[%clk 0:32:04]} Be3 {[%clk 0:31:22]} 41. Nd3
{[%clk 0:31:09]} Bf5 {[%clk 0:24:06]} 42. Kc3 {[%clk 0:28:38]} Be4
{[%clk 0:24:06]} 43. Ne1 {[%clk 0:26:34]} Kf7 {[%clk 0:21:55]} 44. Nf3
{[%clk 0:13:48]} Ke6 {[%clk 0:21:42]} 45. Bd3 {[%clk 0:13:30]} g5
{[%clk 0:16:32]} 46. Bf1 {[%clk 0:05:49]} g4 {[%clk 0:15:55]} 47. Ne1
{[%clk 0:04:44]} Kxe5 {[%clk 0:15:38]} 48. Nd3+ {[%clk 0:05:13]} Bxd3
{[%clk 0:13:25]} 49. Kxd3 {[%clk 0:02:34]} d4 {[%clk 0:13:30]} 50. Kc2
{[%clk 0:01:16]} Kf4 {[%clk 0:13:55]} 51. Bd3 {[%clk 0:01:31]} Kg3
{[%clk 0:14:18]} 52. Be4 {[%clk 0:02:00]} Kf2 {[%clk 0:14:00]} 53. Kd3
{[%clk 0:01:54]} h4 {[%clk 0:14:23]} 54. Bf5 {[%clk 0:01:53]} Kxg2
{[%clk 0:14:42]} 55. Bxg4 {[%clk 0:02:11]} h3 {[%clk 0:15:06]} 56. Ke2
{[%clk 0:02:15]} h2 {[%clk 0:15:31]} 57. Bf5 {[%clk 0:01:56]} h1=Q
{[%clk 0:15:54]} 58. Be4+ {[%clk 0:02:15]} Kg1 {[%clk 0:16:17]} 59. Bxh1
{[%clk 0:02:28]} Kxh1 {[%clk 0:16:42]} 0-1

[Event "World Chess Olympiad 2018"]
[Site "Batumi"]
[Date "2018.09.28"]
[Round "5"]
[Board "3"]
[WhiteFideId "9910760"]
[White "Doluweera Minul Sanjula"]
[BlackFideId "12101001"]
[Black "Salih Al Hor"]
[Result "1-0"]
[LiveChessVersion "1.4.8"]
[BlackElo "1847"]
[WhiteElo "2171"]

1. d4 {[%clk 1:30:53]} d6 {[%clk 1:30:50]} 2. e4 {[%clk 1:19:36]} Nf6
{[%clk 1:29:12]} 3. Bd3 {[%clk 1:20:01]} e5 {[%clk 1:29:16]} 4. c3
{[%clk 1:20:25]} Be7 {[%clk 1:28:10]} 5. Nf3 {[%clk 1:19:41]} Nc6
{[%clk 1:27:29]} 6. h3 {[%clk 1:10:26]} O-O {[%clk 1:26:07]} 7. Be3
{[%clk 1:08:40]} Re8 {[%clk 1:20:01]} 8. Nbd2 {[%clk 1:07:41]} exd4
{[%clk 1:16:48]} 9. cxd4 {[%clk 1:02:01]} Nb4 {[%clk 1:13:19]} 10. Bb1
{[%clk 0:58:40]} c5 {[%clk 1:11:36]} 11. d5 {[%clk 0:57:34]} Bd7 {[%clk 1:05:56]}
12. a3 {[%clk 0:49:04]} Na6 {[%clk 1:06:12]} 13. a4 {[%clk 0:43:37]} Bf8
{[%clk 1:03:42]} 14. O-O {[%clk 0:40:01]} Nb4 {[%clk 0:58:19]} 15. Re1
{[%clk 0:38:31]} a5 {[%clk 0:52:48]} 16. Bf4 {[%clk 0:37:20]} b5 {[%clk 0:50:48]}
17. Qc1 {[%clk 0:30:56]} bxa4 {[%clk 0:46:59]} 18. Nc4 {[%clk 0:28:18]} Bb5
{[%clk 0:45:37]} 19. Nfd2 {[%clk 0:26:56]} h6 {[%clk 0:38:50]} 20. Re3
{[%clk 0:24:30]} Kh8 {[%clk 0:29:20]} 21. Na3 {[%clk 0:23:19]} Ba6
{[%clk 0:25:19]} 22. Bc2 {[%clk 0:19:08]} Nxc2 {[%clk 0:21:03]} 23. Qxc2
{[%clk 0:19:32]} Rb8 {[%clk 0:17:20]} 24. Nac4 {[%clk 0:15:12]} Bb5
{[%clk 0:13:15]} 25. g4 {[%clk 0:13:50]} Qd7 {[%clk 0:13:09]} 26. Nxa5
{[%clk 0:12:05]} c4 {[%clk 0:10:16]} 27. Naxc4 {[%clk 0:08:29]} Rec8
{[%clk 0:10:08]} 28. Rc3 {[%clk 0:07:48]} Nxg4 {[%clk 0:08:06]} 29. hxg4
{[%clk 0:07:38]} Qxg4+ {[%clk 0:08:35]} 30. Bg3 {[%clk 0:07:09]} h5
{[%clk 0:08:46]} 31. Kg2 {[%clk 0:04:52]} Kg8 {[%clk 0:07:09]} 32. Ne3
{[%clk 0:04:39]} Rxc3 {[%clk 0:07:01]} 33. Qxc3 {[%clk 0:04:07]} Qg6
{[%clk 0:07:06]} 34. Nf5 {[%clk 0:04:23]} Bd7 {[%clk 0:07:05]} 35. Qc7
{[%clk 0:04:04]} Rxb2 {[%clk 0:06:28]} 36. Qxd7 {[%clk 0:03:35]} Rxd2
{[%clk 0:06:50]} 37. Qd8 {[%clk 0:03:13]} Kh7 {[%clk 0:06:03]} 38. Qxf8
{[%clk 0:03:18]} h4 {[%clk 0:06:14]} 39. Rh1 {[%clk 0:03:09]} 1-0

[Event "World Chess Olympiad 2018"]
[Site "Batumi"]
[Date "2018.09.28"]
[Round "5"]
[Board "4"]
[WhiteFideId "12100986"]
[White "Ghanem Al Shamari"]
[BlackFideId "9900993"]
[Black "Alahakoon Isuru"]
[Result "0-1"]
[LiveChessVersion "1.4.8"]
[BlackElo "2121"]
[WhiteElo "1840"]

1. d4 {[%clk 1:30:57]} Nf6 {[%clk 1:30:20]} 2. Bf4 {[%clk 1:31:21]} d5
{[%clk 1:30:17]} 3. e3 {[%clk 1:31:41]} e6 {[%clk 1:30:37]} 4. c3
{[%clk 1:31:03]} c5 {[%clk 1:30:16]} 5. Nd2 {[%clk 1:29:54]} Bd6 {[%clk 1:30:30]}
6. Bg3 {[%clk 1:30:10]} O-O {[%clk 1:30:43]} 7. Ngf3 {[%clk 1:30:06]} Qc7
{[%clk 1:31:00]} 8. Ne5 {[%clk 1:29:34]} Nc6 {[%clk 1:27:41]} 9. f4
{[%clk 1:28:44]} Ne7 {[%clk 1:25:00]} 10. Bd3 {[%clk 1:22:28]} c4
{[%clk 1:22:35]} 11. Bc2 {[%clk 1:21:24]} b5 {[%clk 1:22:50]} 12. Rc1
{[%clk 1:20:15]} b4 {[%clk 1:20:32]} 13. Bh4 {[%clk 1:19:34]} bxc3
{[%clk 1:15:46]} 14. bxc3 {[%clk 1:19:15]} Ne8 {[%clk 1:12:54]} 15. O-O
{[%clk 1:16:51]} f6 {[%clk 1:10:50]} 16. Ng4 {[%clk 1:06:45]} Nf5
{[%clk 1:10:05]} 17. Bxf5 {[%clk 1:04:56]} exf5 {[%clk 1:10:29]} 18. Nf2
{[%clk 1:05:13]} Ba3 {[%clk 1:08:06]} 19. Rb1 {[%clk 1:03:34]} Qa5
{[%clk 1:07:37]} 20. Qf3 {[%clk 0:57:11]} Nd6 {[%clk 1:05:52]} 21. Nd1
{[%clk 0:56:12]} Be6 {[%clk 1:03:10]} 22. Ra1 {[%clk 0:51:47]} Rab8
{[%clk 0:59:27]} 23. Nb1 {[%clk 0:50:43]} Bb2 {[%clk 0:57:59]} 24. Nxb2
{[%clk 0:50:16]} Rxb2 {[%clk 0:58:22]} 25. Rf2 {[%clk 0:49:37]} Rfb8
{[%clk 0:50:33]} 26. Qd1 {[%clk 0:49:15]} Ne4 {[%clk 0:47:20]} 27. Rxb2
{[%clk 0:49:00]} Rxb2 {[%clk 0:47:44]} 28. a4 {[%clk 0:47:12]} Nxc3
{[%clk 0:37:34]} 29. Nxc3 {[%clk 0:42:27]} Qxc3 {[%clk 0:37:59]} 30. Qe1
{[%clk 0:41:09]} Qc2 {[%clk 0:36:58]} 31. Qf2 {[%clk 0:39:40]} Qb3
{[%clk 0:33:18]} 32. Qe1 {[%clk 0:39:10]} Bd7 {[%clk 0:25:52]} 33. Bf2
{[%clk 0:37:46]} Qc2 {[%clk 0:22:51]} 34. a5 {[%clk 0:36:29]} a6 {[%clk 0:19:59]}
35. Rc1 {[%clk 0:34:54]} Qd3 {[%clk 0:18:01]} 36. Rc3 {[%clk 0:30:16]} Qb1
{[%clk 0:15:16]} 37. Rc1 {[%clk 0:30:01]} Qa2 {[%clk 0:15:38]} 38. Ra1
{[%clk 0:30:09]} Qb3 {[%clk 0:15:59]} 39. Rc1 {[%clk 0:30:14]} Ba4
{[%clk 0:15:48]} 40. g4 {[%clk 0:59:36]} Qd3 {[%clk 0:43:24]} 41. g5
{[%clk 0:57:52]} fxg5 {[%clk 0:41:54]} 42. fxg5 {[%clk 0:58:11]} Qe4
{[%clk 0:40:52]} 43. Ra1 {[%clk 0:57:13]} Qg4+ {[%clk 0:40:53]} 44. Bg3
{[%clk 0:56:29]} Qf3 {[%clk 0:40:47]} 45. Bf2 {[%clk 0:55:56]} Bc2
{[%clk 0:40:58]} 0-1

[Event "World Chess Olympiad 2018"]
[Site "Batumi"]
[Date "2018.09.28"]
[Round "5"]
[Board "1"]
[WhiteFideId "14800098"]
[White "Paiva Donaldo"]
[BlackFideId "7700768"]
[Black "Johnson Joshua"]
[Result "1/2-1/2"]
[LiveChessVersion "1.4.8"]
[BlackElo "2261"]
[WhiteElo "2206"]

1. d4 {[%clk 1:30:47]} Nf6 {[%clk 1:30:58]} 2. c4 {[%clk 1:31:11]} e6
{[%clk 1:31:15]} 3. Nc3 {[%clk 1:31:33]} Bb4 {[%clk 1:31:38]} 4. Qc2
{[%clk 1:32:00]} O-O {[%clk 1:31:32]} 5. Nf3 {[%clk 1:32:18]} c5 {[%clk 1:27:42]}
6. dxc5 {[%clk 1:32:40]} Na6 {[%clk 1:27:41]} 7. g3 {[%clk 1:33:03]} Nxc5
{[%clk 1:22:35]} 8. Bg2 {[%clk 1:33:25]} Nce4 {[%clk 1:16:02]} 9. O-O
{[%clk 1:33:44]} Nxc3 {[%clk 1:09:40]} 10. bxc3 {[%clk 1:34:04]} Be7
{[%clk 1:09:17]} 11. e4 {[%clk 1:33:35]} d6 {[%clk 1:08:30]} 12. e5
{[%clk 1:33:46]} dxe5 {[%clk 1:06:00]} 13. Nxe5 {[%clk 1:34:10]} Qc7
{[%clk 1:05:43]} 14. Qe2 {[%clk 1:34:14]} Nd7 {[%clk 1:03:43]} 15. Bf4
{[%clk 1:33:12]} Nxe5 {[%clk 1:02:47]} 16. Bxe5 {[%clk 1:33:36]} Bd6
{[%clk 1:03:08]} 17. Bxd6 {[%clk 1:33:06]} Qxd6 {[%clk 1:03:32]} 18. Rab1
{[%clk 1:33:02]} Rb8 {[%clk 1:00:08]} 19. Qe3 {[%clk 1:32:35]} Qa6
{[%clk 0:57:55]} 20. Rb4 {[%clk 1:30:51]} Qxa2 {[%clk 0:51:35]} 21. Rfb1
{[%clk 1:29:53]} Ra8 {[%clk 0:45:25]} 22. c5 {[%clk 1:28:26]} a5 {[%clk 0:45:15]}
23. R4b2 {[%clk 1:22:36]} Qc4 {[%clk 0:44:31]} 24. Qd4 {[%clk 1:15:34]} Qxd4
{[%clk 0:28:51]} 25. cxd4 {[%clk 1:15:58]} a4 {[%clk 0:29:10]} 26. Rb4
{[%clk 0:53:24]} Rd8 {[%clk 0:25:27]} 27. Rxb7 {[%clk 0:44:20]} Bxb7
{[%clk 0:16:36]} 28. Bxb7 {[%clk 0:44:37]} Rab8 {[%clk 0:16:16]} 29. c6
{[%clk 0:42:23]} Rdc8 {[%clk 0:16:29]} 30. Ra1 {[%clk 0:42:20]} Rc7
{[%clk 0:16:48]} 31. Rxa4 {[%clk 0:42:43]} Kf8 {[%clk 0:16:55]} 32. Rc4
{[%clk 0:42:59]} Ke7 {[%clk 0:16:38]} 33. f4 {[%clk 0:41:55]} Kd6
{[%clk 0:16:16]} 34. Rc5 {[%clk 0:42:18]} Re7 {[%clk 0:13:44]} 35. Kf2
{[%clk 0:42:15]} Kc7 {[%clk 0:12:17]} 36. Ke3 {[%clk 0:42:37]} Ree8
{[%clk 0:12:20]} 37. Ke4 {[%clk 0:41:29]} Red8 {[%clk 0:12:01]} 38. h4
{[%clk 0:40:59]} Rd6 {[%clk 0:11:02]} 39. Rc4 {[%clk 0:37:14]} Rbd8
{[%clk 0:10:00]} 1/2-1/2

[Event "World Chess Olympiad 2018"]
[Site "Batumi"]
[Date "2018.09.28"]
[Round "5"]
[Board "2"]
[WhiteFideId "7700512"]
[White "Cupid Kevin"]
[BlackFideId "14800268"]
[Black "Calicoca Wilton Inacio"]
[Result "0-1"]
[LiveChessVersion "1.4.8"]
[BlackElo "2135"]
[WhiteElo "2124"]

1. d4 {[%clk 1:30:58]} Nf6 {[%clk 1:30:58]} 2. c4 {[%clk 1:31:19]} e6
{[%clk 1:31:16]} 3. Nf3 {[%clk 1:31:43]} b6 {[%clk 1:31:28]} 4. g3
{[%clk 1:32:05]} Ba6 {[%clk 1:31:50]} 5. b3 {[%clk 1:32:27]} Bb4+
{[%clk 1:32:03]} 6. Bd2 {[%clk 1:32:53]} Be7 {[%clk 1:32:30]} 7. Nc3
{[%clk 1:32:54]} c6 {[%clk 1:30:12]} 8. Bg2 {[%clk 1:32:11]} O-O {[%clk 1:30:38]}
9. O-O {[%clk 1:28:54]} d5 {[%clk 1:31:04]} 10. cxd5 {[%clk 1:28:07]} cxd5
{[%clk 1:31:30]} 11. Ne5 {[%clk 1:28:01]} Nfd7 {[%clk 1:31:17]} 12. Nf3
{[%clk 1:19:35]} Nc6 {[%clk 1:29:12]} 13. Re1 {[%clk 1:15:48]} Nf6
{[%clk 1:29:16]} 14. a3 {[%clk 0:47:35]} Rc8 {[%clk 1:28:53]} 15. Bc1
{[%clk 0:46:49]} Na5 {[%clk 1:15:11]} 16. Bb2 {[%clk 0:47:05]} Rc7
{[%clk 1:15:04]} 17. Ne5 {[%clk 0:47:08]} Qc8 {[%clk 1:12:21]} 18. b4
{[%clk 0:45:33]} Nc4 {[%clk 1:07:58]} 19. Nxc4 {[%clk 0:43:48]} Bxc4
{[%clk 1:07:52]} 20. e4 {[%clk 0:39:53]} dxe4 {[%clk 1:08:12]} 21. Nxe4
{[%clk 0:40:21]} Rd8 {[%clk 1:07:17]} 22. Rc1 {[%clk 0:39:46]} Bd5
{[%clk 1:05:53]} 23. Ng5 {[%clk 0:34:23]} Bxg2 {[%clk 0:49:41]} 24. Kxg2
{[%clk 0:34:43]} Nd5 {[%clk 0:46:13]} 25. Rxc7 {[%clk 0:28:23]} Qxc7
{[%clk 0:45:15]} 26. Qh5 {[%clk 0:28:13]} Bxg5 {[%clk 0:45:40]} 27. Qxg5
{[%clk 0:28:31]} h6 {[%clk 0:45:36]} 28. Qe5 {[%clk 0:26:39]} Qb7
{[%clk 0:43:04]} 29. Kg1 {[%clk 0:27:06]} Rc8 {[%clk 0:43:03]} 30. Qe4
{[%clk 0:25:25]} Rc4 {[%clk 0:37:24]} 31. Rc1 {[%clk 0:18:28]} b5
{[%clk 0:36:41]} 32. Qe1 {[%clk 0:15:45]} Qc6 {[%clk 0:36:15]} 33. Rd1
{[%clk 0:12:43]} Nb6 {[%clk 0:27:18]} 34. d5 {[%clk 0:12:41]} Nxd5
{[%clk 0:25:29]} 35. Qe5 {[%clk 0:10:36]} f6 {[%clk 0:25:56]} 36. Qb8+
{[%clk 0:10:15]} Kh7 {[%clk 0:26:24]} 37. Qxa7 {[%clk 0:10:29]} Rc2
{[%clk 0:21:12]} 38. Qd4 {[%clk 0:08:04]} Qc4 {[%clk 0:15:49]} 39. Qxc4
{[%clk 0:06:52]} Rxc4 {[%clk 0:07:56]} 40. Rc1 {[%clk 0:36:55]} Nb6
{[%clk 0:36:11]} 41. Rxc4 {[%clk 0:34:29]} Nxc4 {[%clk 0:36:32]} 42. Bc1
{[%clk 0:34:22]} Kg6 {[%clk 0:36:58]} 43. g4 {[%clk 0:16:09]} h5 {[%clk 0:32:08]}
44. h3 {[%clk 0:15:32]} hxg4 {[%clk 0:32:31]} 45. hxg4 {[%clk 0:16:01]} Ne5
{[%clk 0:31:01]} 46. Bb2 {[%clk 0:04:05]} Kg5 {[%clk 0:29:01]} 47. Bxe5
{[%clk 0:01:37]} fxe5 {[%clk 0:29:28]} 48. f3 {[%clk 0:02:01]} Kf4
{[%clk 0:29:19]} 49. Kf2 {[%clk 0:01:38]} g5 {[%clk 0:28:37]} 50. a4
{[%clk 0:00:39]} bxa4 {[%clk 0:29:03]} 51. b5 {[%clk 0:01:05]} a3
{[%clk 0:28:59]} 52. b6 {[%clk 0:01:33]} a2 {[%clk 0:29:14]} 53. b7
{[%clk 0:02:02]} a1=Q {[%clk 0:29:20]} 54. b8=Q {[%clk 0:02:30]} Qd4+
{[%clk 0:27:53]} 55. Kg2 {[%clk 0:01:22]} Qd2+ {[%clk 0:28:14]} 56. Kh3
{[%clk 0:00:42]} Kxf3 {[%clk 0:26:19]} 57. Qb2 {[%clk 0:01:07]} Qe3
{[%clk 0:24:38]} 58. Qxe5 {[%clk 0:00:42]} Kf2+ {[%clk 0:24:15]} 0-1

[Event "World Chess Olympiad 2018"]
[Site "Batumi"]
[Date "2018.09.28"]
[Round "5"]
[Board "3"]
[WhiteFideId "14800276"]
[White "Chunguane Ilidio Alberto"]
[BlackFideId "7700156"]
[Black "Harper Ryan"]
[Result "0-1"]
[LiveChessVersion "1.4.8"]
[BlackElo "2226"]
[WhiteElo "2054"]

1. d4 {[%clk 1:30:48]} Nf6 {[%clk 1:30:55]} 2. c4 {[%clk 1:30:56]} e6
{[%clk 1:31:20]} 3. Nc3 {[%clk 1:30:28]} Bb4 {[%clk 1:31:43]} 4. a3
{[%clk 1:28:38]} Bxc3+ {[%clk 1:32:05]} 5. bxc3 {[%clk 1:28:58]} b6
{[%clk 1:29:56]} 6. Bg5 {[%clk 1:27:38]} Bb7 {[%clk 1:29:49]} 7. e3
{[%clk 1:27:52]} d6 {[%clk 1:29:45]} 8. Nf3 {[%clk 1:27:55]} Nbd7
{[%clk 1:29:43]} 9. Be2 {[%clk 1:27:23]} Qe7 {[%clk 1:28:16]} 10. Qc2
{[%clk 1:22:53]} h6 {[%clk 1:28:35]} 11. Bh4 {[%clk 1:22:47]} g5 {[%clk 1:28:49]}
12. Bg3 {[%clk 1:22:58]} Ne4 {[%clk 1:29:17]} 13. Bd3 {[%clk 1:18:06]} f5
{[%clk 1:17:28]} 14. Bxe4 {[%clk 1:10:06]} Bxe4 {[%clk 1:14:52]} 15. Qe2
{[%clk 1:09:42]} e5 {[%clk 1:14:28]} 16. h3 {[%clk 1:04:21]} Bb7 {[%clk 0:53:18]}
17. Rg1 {[%clk 0:31:55]} f4 {[%clk 0:45:04]} 18. Bh2 {[%clk 0:29:42]} Rf8
{[%clk 0:42:54]} 19. Nd2 {[%clk 0:28:36]} O-O-O {[%clk 0:37:54]} 20. e4
{[%clk 0:26:34]} exd4 {[%clk 0:33:39]} 21. cxd4 {[%clk 0:26:07]} c5
{[%clk 0:34:07]} 22. d5 {[%clk 0:21:38]} Qf6 {[%clk 0:28:43]} 23. Rb1
{[%clk 0:18:49]} Qd4 {[%clk 0:23:18]} 24. f3 {[%clk 0:14:53]} Ne5
{[%clk 0:23:20]} 25. Rf1 {[%clk 0:14:49]} Ba6 {[%clk 0:22:29]} 26. Bg1
{[%clk 0:14:46]} Qc3 {[%clk 0:22:44]} 27. Rb3 {[%clk 0:12:24]} Qc2
{[%clk 0:23:11]} 28. Qd1 {[%clk 0:10:17]} Qxd1+ {[%clk 0:23:06]} 29. Kxd1
{[%clk 0:10:45]} Nxc4 {[%clk 0:23:35]} 30. Re1 {[%clk 0:10:17]} Ne5
{[%clk 0:23:31]} 31. Kc2 {[%clk 0:09:42]} Rde8 {[%clk 0:22:00]} 32. a4
{[%clk 0:09:52]} Kd7 {[%clk 0:20:35]} 33. Nb1 {[%clk 0:09:03]} Rg8
{[%clk 0:15:00]} 34. Na3 {[%clk 0:07:43]} Ra8 {[%clk 0:12:54]} 35. Nb5
{[%clk 0:07:32]} Rgb8 {[%clk 0:12:07]} 36. Ra1 {[%clk 0:07:05]} Bc8
{[%clk 0:10:47]} 37. Bf2 {[%clk 0:04:23]} a6 {[%clk 0:10:27]} 38. Nc3
{[%clk 0:03:09]} Kc7 {[%clk 0:10:50]} 39. Be1 {[%clk 0:02:01]} Bd7
{[%clk 0:11:02]} 40. Bd2 {[%clk 0:31:41]} Nc4 {[%clk 0:38:24]} 41. Bc1
{[%clk 0:29:01]} Ne5 {[%clk 0:37:28]} 42. Bd2 {[%clk 0:28:51]} Rb7
{[%clk 0:36:38]} 43. Rab1 {[%clk 0:16:43]} Rab8 {[%clk 0:36:46]} 44. Rh1
{[%clk 0:14:12]} b5 {[%clk 0:36:00]} 45. axb5 {[%clk 0:13:27]} axb5
{[%clk 0:36:28]} 46. Ra1 {[%clk 0:11:40]} b4 {[%clk 0:36:49]} 47. Ne2
{[%clk 0:10:40]} Bb5 {[%clk 0:35:13]} 48. Nxf4 {[%clk 0:06:41]} gxf4
{[%clk 0:35:29]} 49. Bxf4 {[%clk 0:07:04]} Bc4 {[%clk 0:34:15]} 50. Rbb1
{[%clk 0:07:21]} Bd3+ 0-1

[Event "World Chess Olympiad 2018"]
[Site "Batumi"]
[Date "2018.09.28"]
[Round "5"]
[Board "4"]
[WhiteFideId "7700750"]
[White "Winter Atwell Adrian"]
[BlackFideId "14800500"]
[Black "Gafar Izdine"]
[Result "1-0"]
[LiveChessVersion "1.4.8"]
[BlackElo "1984"]
[WhiteElo "2221"]

1. e4 {[%clk 1:30:28]} c5 {[%clk 1:30:50]} 2. Nc3 {[%clk 1:29:00]} Nc6
{[%clk 1:30:43]} 3. g3 {[%clk 1:28:55]} Nf6 {[%clk 1:27:36]} 4. Bg2
{[%clk 1:28:05]} e6 {[%clk 1:27:20]} 5. f4 {[%clk 1:27:07]} d6 {[%clk 1:26:43]}
6. Nf3 {[%clk 1:25:42]} Be7 {[%clk 1:26:42]} 7. d3 {[%clk 1:24:44]} a6
{[%clk 1:26:51]} 8. a4 {[%clk 1:24:56]} Qc7 {[%clk 1:26:55]} 9. O-O
{[%clk 1:24:39]} O-O {[%clk 1:25:17]} 10. h3 {[%clk 1:24:55]} Re8
{[%clk 1:22:53]} 11. g4 {[%clk 1:21:27]} Bf8 {[%clk 1:18:30]} 12. Ne2
{[%clk 1:17:29]} e5 {[%clk 1:13:01]} 13. g5 {[%clk 1:07:13]} Nd7 {[%clk 1:09:14]}
14. f5 {[%clk 1:07:13]} f6 {[%clk 1:08:23]} 15. Ng3 {[%clk 1:04:34]} fxg5
{[%clk 1:08:32]} 16. Nxg5 {[%clk 1:03:01]} Nf6 {[%clk 1:07:47]} 17. Nh5
{[%clk 1:03:14]} Be7 {[%clk 1:06:48]} 18. Nxf6+ {[%clk 1:00:01]} gxf6
{[%clk 1:03:55]} 19. Qh5 {[%clk 0:59:29]} Bxf5 {[%clk 1:03:48]} 20. Rxf5
{[%clk 0:58:56]} fxg5 {[%clk 1:02:48]} 21. Rf7 {[%clk 0:59:13]} 1-0